000 00932nam a2200265Ia 4500
003 OSt
005 20221005111201.0
006 a|||||r|||| 00| 0
007 ta
008 221004b |||||||| |||| 00| 0 hin d
020 _a9789350723098 (pbk)
_c150
024 _a17296
037 _b526, 21/03/2015, Vani Prakashan
_cTextual
040 _aCRL
_cCRL
_bhin
041 _2hin
_ahin
082 _aO155,2N28,KK, 152Q3
100 _aतेंडुलकर, विजय
245 0 _aकौओं की पाठशाला
246 _aKauoan kī pāṭhashālā
260 _aनई दिल्ली
_bवाणी प्रकाशन भारत
_c2014
300 _a79पृ0
_ccm.
650 _aहिन्दी साहित्य
942 _hO155,2N28,KK, 152Q3
_cTEXL
_2cc
999 _c1021076
_d1021076